| 000 | 00664nam a22002177a 4500 | ||
|---|---|---|---|
| 003 | OSt | ||
| 005 | 20141215151909.0 | ||
| 008 | 141215b xxu||||| |||| 00| 0 eng d | ||
| 020 | _a0435401599 | ||
| 040 | _cDNLM | ||
| 082 | _aW 84.7 T361c 2003 | ||
| 100 |
_aThomas Andrew Dr. _92222 |
||
| 245 |
_aCare management in practice for registered manager Award/ _bDr. Andrew Thomas, Lynda Mason and Sharon Ford. |
||
| 260 |
_aU K : _bHeinemann _c2003 |
||
| 300 |
_avi, 394 p : _bill ; _c29 cm. |
||
| 504 | _aIncludes Bibliographical references and Index. | ||
| 650 | _2Care management | ||
| 700 |
_aMason Lynda _92223 |
||
| 700 |
_aFord Sharon _92224 |
||
| 942 |
_2z _cSLOAN |
||
| 999 |
_c821 _d821 |
||